Stolice województw w Polsce - Statystyki

Ogólne statystyki
  • Ten quiz został rozwiązany 1 568 razy
  • Średni wynik to 15 z 16
Statystyki odpowiedzi
Województwo Odpowiedź % Poprawnych
Mazowieckie Warszawa
99%
Łódzkie Łódź
97%
Pomorskie Gdańsk
96%
Małopolskie Kraków
96%
Lubelskie Lublin
96%
Opolskie Opole
95%
Wielkopolska Poznań
93%
Zachodniopomorskie Szczecin
92%
Dolnośląskie Wrocław
92%
Podlaskie Białystok
91%
Kujawsko-Pomorskie Bydgoszcz i Toruń
91%
Śląskie Katowice
91%
Lubuskie Zielona Góra i Gorzów Wielkopolski
87%
Podkarpackie Rzeszów
86%
Świętokrzyskie Kielce
85%
Warmińsko-Mazurskie Olsztyn
82%
Nie znaleziono quizów pasujących do podanych kryteriów
Rozkład punktacji
Procent ludzi z każdym wynikiem
Percentyl według liczby udzielonych odpowiedzi
Twoja historia wyników
Nie rozwiązałeś tego quizu